Guía de plomería doméstica (Registro nro. 4217)
[ vista simple ]
| 000 -CABECERA | |
|---|---|
| Longitud fija campo de control | 00968nam a2200289Ia 4500 |
| 003 - • IDENTIFICADOR DELl NÚMERO DE CONTROL | |
| Identificador del número de control | CO-BoRNBP |
| 005 - • FECHA Y HORA DE LA ÚLTIMA TRANSACCIÓN | |
| Fecha y hora de la última transacción | 20230111200408.0 |
| 007 - • CAMPO FIJO DE DESCRIPCIÓN FÍSICA | |
| Campo fijo de descripción física | ta |
| 008 - • CÓDIGOS DE INFORMACIÓN DE LONGITUD FIJA | |
| Códigos de información de longitud fija | 160601s2000 mx a g 000 0 spa |
| 020 ## - • NÚMERO INTERNACIONAL NORMALIZADO PARA LIBROS | |
| Número Internacional Normalizado para Libros (ISBN) | 9681839390 |
| 040 ## - FUENTE DE LA CATALOGACIÓN | |
| Centro catalogador de origen | CO-BoRNBP |
| Lengua de catalogación | spa |
| Normas de descripción | rda |
| Centro transcriptor | CO-BoRNBP |
| 082 04 - • NÚMERO DE LA CLASIFICACIÓN DECIMAL DEWEY | |
| Número de clasificación (R) | 696.1 |
| Número del ítem | H11g |
| 100 1# - • PUNTO DE ACCESO PRINCIPAL-NOMBRE DE PERSONA | |
| Nombre de persona | Haan, Enno R. |
| 245 10 - • TITULO PROPIAMENTE DICHO | |
| Título | Guía de plomería doméstica |
| Mención de responsabilidad, etc. | Ennor R. Hann ; colaborador en la traducción Carlos Gerhard |
| 250 ## - • MENCIÓN DE EDICIÓN | |
| Mención de edición | 2a. edición |
| Resto de la mención de edición | 1a. reimpresión |
| 264 ## - PRODUCCIÓN, PUBLICACIÓN , DISTRIBUCIÓN, FABRICACIÓN Y COPYRIGHT | |
| Lugar de producción, publicación, distribución, fabricación | México |
| Nombre del productor, editor, distribuidor, fabricante | Limusa |
| Fecha de de producción, publicación, distribución, fabricación o copyright | 2000 |
| 300 ## - • DESCRIPCIÓN FÍSICA | |
| Extensión | 304 páginas |
| Otras características físicas | ilustraciones |
| Dimensiones | 21 cm |
| 336 ## - TIPO DE CONTENIDO | |
| Término de tipo de contenido | texto |
| Código de tipo de contenido | txt |
| Fuente | rdacontent |
| 337 ## - TIPO DE MEDIO | |
| Nombre del tipo de medio | sin mediación |
| Código del tipo de medio | n |
| Fuente | rdamedia |
| 338 ## - TIPO DE SOPORTE | |
| Nombre del tipo de soporte | volumen |
| Código del tipo de soporte | nc |
| Fuente | rdacarrier |
| 650 14 - • PUNTO DE ACCESO ADICIONAL DE MATERIA - TÉRMINO DE MATERIA | |
| Fuente del encabezamiento o término | LEMB |
| Término de materia o nombre geográfico como elemento inicial | Plomería |
| Subdivisión de forma | Manuales |
| 650 14 - • PUNTO DE ACCESO ADICIONAL DE MATERIA - TÉRMINO DE MATERIA | |
| Fuente del encabezamiento o término | LEMB |
| Término de materia o nombre geográfico como elemento inicial | Plomería |
| Subdivisión de materia general | Herramientas |
| 650 14 - • PUNTO DE ACCESO ADICIONAL DE MATERIA - TÉRMINO DE MATERIA | |
| Fuente del encabezamiento o término | LEMB |
| Término de materia o nombre geográfico como elemento inicial | Viviendas condiciones sanitarias |
| 650 14 - • PUNTO DE ACCESO ADICIONAL DE MATERIA - TÉRMINO DE MATERIA | |
| Fuente del encabezamiento o término | LEMB |
| Término de materia o nombre geográfico como elemento inicial | Instalaciones de tuberías |
| 700 1# - • PUNTO DE ACCESO ADICIONAL - NOMBRE DE PERSONA | |
| Nombre de persona | Gerhard, Carlos |
| Término indicativo de función | traductor |
| 942 ## - ENTRADA DE ELEMENTOS AGREGADOS (KOHA) | |
| Fuente de clasificaión o esquema | Dewey Decimal Classification |
| Koha [por defecto] tipo de item | LIbro |
| Perdido | Fuente de clasificación o esquema | Estado Físico | No para préstamo | Forma de adquisición | Localización permanente | Localización actual | Localización en estanterías | Fecha adquisición | Préstamos totales | Signatura completa | Código de barras | Fecha última consulta | Número de copia | Fecha del precio de reemplazo | Tipo de item de Koha |
|---|---|---|---|---|---|---|---|---|---|---|---|---|---|---|---|
| Dewey Decimal Classification | Colección General | Biblioteca Pública Cumaral - Alvaro Garzon Torres | Biblioteca Pública Cumaral - Alvaro Garzon Torres | Literatura | 06/17/2024 | 696.1H11g | CUM00600 | 06/17/2024 | Ej.1 | 06/17/2024 | LIbro | ||||
| Dewey Decimal Classification | Colección General | Biblioteca Pública Dorado | Biblioteca Pública Dorado | General | 01/11/2023 | 696.1 H11g | DOR00688 | 01/11/2023 | Ej.1 | 01/11/2023 | LIbro | ||||
| Dewey Decimal Classification | Colección General | Biblioteca Pública Barranca de Upia - María Dolores Herrera | Biblioteca Pública Barranca de Upia - María Dolores Herrera | General | 07/08/2025 | 696.1 H11g | BUP1809 | 07/08/2025 | Ej.1 | 07/08/2025 | LIbro | ||||
| Dewey Decimal Classification | Colección General | Biblioteca Pública Mapiripan | Biblioteca Pública Mapiripan | General | 01/05/2024 | 696.1 H11g | MAP0000830 | 01/05/2024 | Ej.1 | 01/05/2024 | LIbro | ||||
| Clasificación Local Facetada | Colección General | Biblioteca Pública Puerto Concordia | Biblioteca Pública Puerto Concordia | General | 02/20/2026 | 696.1 H11g | PCON02202 | 02/20/2026 | Ej.1 | 02/20/2026 | LIbro | ||||
| Dewey Decimal Classification | Colección General | Biblioteca Pública Puerto Rico | Biblioteca Pública Puerto Rico | General | 03/27/2023 | 696.1 H11g | PR00000832 | 03/27/2023 | Ej.1 | 03/27/2023 | LIbro | ||||
| Dewey Decimal Classification | Colección General | Biblioteca Pública Uribe - Reinerio Arenas | Biblioteca Pública Uribe - Reinerio Arenas | General | 08/09/2024 | 696.1 H11g | URI00879 | 08/09/2024 | Ej.1 | 08/09/2024 | LIbro |